The passive, unit 28, part 1; teacher's book /
Guardado en:
| Autor Principal: | |
|---|---|
| Formato: | Libro |
| Publicado: |
Inglaterra :
Longman,
1974
|
| Materias: | |
| Etiquetas: |
Agregar Etiqueta
Sin Etiquetas, Sea el primero en etiquetar este registro!
|
| LEADER | 00496nam a22001815a 4500 | ||
|---|---|---|---|
| 001 | CEM.cems007448 | ||
| 005 | 20060214000000.0 | ||
| 008 | 130507s1974##################000#0#####d | ||
| 003 | CEMS | ||
| 082 | 0 | 4 | |a 425.8 |
| 100 | 1 | |a Maley, Alan | |
| 245 | 1 | 0 | |a The passive, unit 28, part 1; teacher's book / |
| 260 | |a Inglaterra : |b Longman, |c 1974 | ||
| 300 | |a 68 p. | ||
| 653 | |a Ingles | ||
| 653 | |a Ingles-gramática | ||
| 653 | |a Ingles-verbos | ||
| 859 | |a CEMS |b BIB. CEMS - 11 de abril |h 425.8 |i M294/1 |p 17328.93 |t Ej.1 | ||
